Principles and Practice of Case-based Clinical Reasoning Education : (Record no. 64894)
[ view plain ]
| 000 -LEADER | |
|---|---|
| fixed length control field | 01194nam a2200265Ii 4500 |
| 008 - FIXED-LENGTH DATA ELEMENTS--GENERAL INFORMATION | |
| fixed length control field | 221202s xx 000 0 und d |
| 245 #0 - TITLE STATEMENT | |
| Title | Principles and Practice of Case-based Clinical Reasoning Education : |
| Remainder of title | A Method for Preclinical Students |
| 264 #1 - PRODUCTION, PUBLICATION, DISTRIBUTION, MANUFACTURE, AND COPYRIGHT NOTICE | |
| Place of production, publication, distribution, manufacture | Cham |
| Name of producer, publisher, distributor, manufacturer | Springer Nature |
| Date of production, publication, distribution, manufacture, or copyright notice | 2017 |
| 300 ## - PHYSICAL DESCRIPTION | |
| Extent | 1 online resource |
| 336 ## - CONTENT TYPE | |
| Content type term | text |
| Content type code | txt |
| Source | rdacontent |
| 337 ## - MEDIA TYPE | |
| Media type term | computer |
| Media type code | c |
| Source | rdamedia |
| 338 ## - CARRIER TYPE | |
| Carrier type term | online resource |
| Carrier type code | cr |
| Source | rdacarrier |
| 490 ## - SERIES STATEMENT | |
| Series statement | Innovation and Change in Professional Education |
| 520 ## - SUMMARY, ETC. | |
| Summary, etc. | assessment of clinical reasoning; diagnostic bias; diagnostic errors; dual process theory; scripts; medical problem-solving; peer teaching; problem-based learning; semantic qualifiers |
| 653 ## - INDEX TERM--UNCONTROLLED | |
| Uncontrolled term | Assessment Of Clinical Reasoning |
| 653 ## - INDEX TERM--UNCONTROLLED | |
| Uncontrolled term | Diagnostic Bias |
| 653 ## - INDEX TERM--UNCONTROLLED | |
| Uncontrolled term | Diagnostic Errors |
| 653 ## - INDEX TERM--UNCONTROLLED | |
| Uncontrolled term | Dual Process Theory |
| 653 ## - INDEX TERM--UNCONTROLLED | |
| Uncontrolled term | Scripts |
| 700 1# - ADDED ENTRY--PERSONAL NAME | |
| Personal name | Custers, Eugène J.F.M. |
| 700 1# - ADDED ENTRY--PERSONAL NAME | |
| Personal name | Durning, Steven J. |
| 700 1# - ADDED ENTRY--PERSONAL NAME | |
| Personal name | ten Cate, Olle |
| 856 ## - ELECTRONIC LOCATION AND ACCESS | |
| Uniform Resource Identifier | <a href="https://library.oapen.org/bitstream/20.500.12657/27745/1/1002260.pdfhttps://link.springer.com/book/10.1007/978-3-319-64828-6http://library.oapen.org/handle/20.500.12657/27745">https://library.oapen.org/bitstream/20.500.12657/27745/1/1002260.pdfhttps://link.springer.com/book/10.1007/978-3-319-64828-6http://library.oapen.org/handle/20.500.12657/27745</a> |
| 942 ## - ADDED ENTRY ELEMENTS (KOHA) | |
| Koha item type | E-Book |
| Withdrawn status | Damaged status | Not for loan | Home library | Current library | Date acquired | Total Checkouts | Date last seen | Price effective from | Koha item type |
|---|---|---|---|---|---|---|---|---|---|
| Directory of Open Access Books | Directory of Open Access Books | 11/28/2022 | 11/28/2022 | 11/28/2022 | E-Book |